Quizzes
Events
Quiz Creation
Community
Videos
Private Events
Remove Ads
Sign In
Join for FREE
Feedback
Dark Mode
Quiz Categories
Sports
Geography
Music
Movies
Television
Just For Fun
Miscellaneous
History
Literature
Language
Science
Gaming
Entertainment
Religion
Holiday
For Kids
Quiz Lab
Recent
Popular Today
Quiz Kudos Today
Editor Picks
Curator Picks
Quizzes by...
Day
Popularity
Type
Ratings
Length
Year
Community
Subscriptions
Recent Discussions
Orange Saloon
Badges
Playlists
Quests
Create
Leaderboards
Showdown
Live 5
Trivia Bingo
Activity
Puzzle Library
Sporcle Events
Private Events
Virtual Trivia
Globe League
Become a Host
Pub Owners
SporcleCon
Opinionation
Our Games
Videos
Blog
Mobile Apps
Partnerships
Remove Ads and Go Orange
Feedback
Gaming
Video Games
Board Games
Card Games
Pokémon
Mario
Nintendo
Minecraft
Console
Toys
Legend of Zelda
Gaming
Video Games
Board Games
Card Games
Pokémon
Mario
Nintendo
Minecraft
Console
Toys
Legend of Zelda
Random Quiz
Search Sporcle
×
Quiz Lab
Quiz Lab
Gaming
Pokémon
Type in answers that appear in a list
Type in answers that appear in a list
Classic
Best Score? Go Orange.
Pokemon that evolve by trading Stats
Can you name the Pokemon that evolve by trading?
By
Spikkle
3m
21 Questions
2,730 Plays
2,730 Plays
2,730 Plays
Comments
Comments
Give Quiz Kudos
Give Quiz Kudos
-
- Ratings
hide this ad
Replay
Link that replays current quiz
Next Quiz
Link to next quiz in quiz playlist
You Got
0%
They Got
Avg Score
74%
Avg Friend Score
Upgrade to see
Score Distribution
Jump to the score distribution portion of the page
Score
0/21
Timer
03:00
0
Plays Today
Method/Item
Pokemon
% Correct
Trade
Haunter -> Gengar
88.9%
Trade while holding Metal Coat
Onix -> Steelix
88.4%
Trade
Kadabra -> Alakazam
86.6%
Trade while holding Magmarizer
Magmar -> Magmortar
86.5%
Trade while holding Upgrade
Porygon -> Porygon2
86.2%
Trade
Machoke -> Machamp
85.9%
Trade while holding King's Rock
Slowpoke -> Slowking
83.9%
Trade while holding Electirizer
Electabuzz -> Electivire
83.9%
Trade while holding Metal Coat
Scyther -> Scizor
82.6%
Trade
Graveler -> Golem
79.5%
Trade while holding Dragon Scale
Seadra -> Kingdra
79%
Method/Item
Pokemon
% Correct
Trade while holding DeepSeaTooth
Clamperl -> Huntail
75.8%
Trade while holding Dubious Disc
Porygon2 -> Porygon-Z
75.3%
Trade while holding DeepSeaScale
Clamperl -> Gorebyss
74.6%
Trade while holding King's Rock
Poliwhirl -> Politoed
73.4%
Trade while holding Reaper Cloth
Dusclops -> Dusknoir
72.5%
Trade while holding Protector
Rhydon -> Rhyperior
71.6%
Trade with a specific Pokemon
Shelmet -> Accelgor
56.7%
Trade with a specific Pokemon
Karrablast -> Escavalier
55.9%
Trade
Boldore -> Gigalith
37.1%
Trade
Gurdurr -> Conkeldurr
36.6%
Quiz Playlist
Details
Report
Send in Message
Add To Playlist
Classic:
Type in answers that appear in a list
Quiz Source
Last Updated: Dec 10, 2018
Quiz Scoreboard
CHALLENGE
Sign Up to Join the Scoreboard
Show All
Scores
Hide
Comments
May contain spoilers
Recently Published
Movies - When Are They Set?
by FPL_Elf
Movies
5m
Popular People in 1961
by mucciniale
History
6m
1-10 Letter E Words III
by El_Dandy
Language
2m
More to Explore
Quiz From the Vault
Featured Blog Post
Where Did the Easter Bunny Come From?
hide this ad
You Might Also Like...
Tags
Pokémon Quiz
Evolve
Generation
item
method
Trading
Today's Top Quizzes in Gaming
Browse Gaming
hide this ad
Today's Top Quizzes in Pokémon
Browse Pokémon
Top Contributed Quizzes in Gaming
1
Destiny 2 exotic weapons by perk icons
2
Who's on the WWE 2K24 Cover?
3
Windmill: Pokémon
4
Overwatch 2 Heroes by Selection Quote
5
Genshin murder mystery
6
Overwatch 2: Ultimate Ability Icons
7
Franchise by Action Figure
8
Legendary or Exotic?
9
Genshin Impact Logic Puzzle
10
Genshin Impact Logic Puzzle Quiz
Explore More
Trending Topics
Marvel
Kpop
NBA
Crossword
Harry Potter
Disney
Anime
Puzzle
Pokémon
Song
WWE
The Office
Soccer
NFL
Country
hide this ad
More By:
Spikkle
Quiz
Plays
Rating
Category
Featured
Created
Guess That Pokémon (Hot/Cold)
843,776
4.54
Gaming
Mar 31, 2010
Guess That Gen II Pokémon (Hot/Cold)
103,678
4.40
Gaming
Apr 3, 2010
Pokemon that evolve by trading
2,730
4.64
Gaming
Mar 28, 2010
Team Fortress 2 Heavy Quotes
1,779
4.00
Gaming
Mar 25, 2010
Famous WoW Memes
1,607
3.33
Gaming
Mar 24, 2010
Go to Creator's Profile
Score Distribution
Quiz Creator Spotlight
Spikkle
Follow
Send a Message
Quizzes Created
-
Created Quiz Play Count
-
More By This Creator
Popular Quizzes Today
1
Find the US States - No Outlines Minefield
2
Find the Countries of Europe - No Outlines Minefield
3
The Countries of the World
4
Popular People in 1961
5
1-10 Letter E Words III
6
US States
7
Find the US States
8
One Thing in Common: World Cities II
More Gaming Quizzes
Quick-clicking Grid (Chess-style Notation)
Quiz Lab
Trending Quizzes
Risky Map Clicking: Least Populous States A-Z
1-10 Letter F Words
Humor Books: The Subtitles
1-10 Letter G Words
One Thing in Common: United Kingdom
Recently Updated
Leaping Animals
pecheneg
Reality TV Shows (A-Z)
bhenderson79
Rickey Henderson's Hall of Fame Teammates
pecheneg
Champions League XIs: Arsenal
pecheneg
Quick Pick: Celebrities in WWE's Hall of Fame
aduchscher
A-Z Keypad Blitz II
pecheneg
Multiple Oscar Actors
pecheneg
Mystery Phrase Blitz: Oscar 'Best Actors'
pecheneg
F. Scott Fitzgerald Novels
LTH
Pick 3 Villains
ddd62291
Trending Topics
Crossword
Kpop
Anime
Disney
Harry Potter
NBA
Marvel
Puzzle
The Office
Pokémon
Song
NFL
Country
Soccer
WWE
Your Account Isn't Verified!
In order to create a playlist on Sporcle, you need to verify the email address you used during registration. Go to your
Sporcle Settings
to finish the process.
Report this User
Report this user for behavior that violates our
Community Guidelines
.
Details:
Send Report
Go to the Sporcle.com Mobile Site →
Comments